| 000 | 00855cam a22002531 4500 | ||
|---|---|---|---|
| 001 | agr12001179 | ||
| 003 | DLC | ||
| 005 | 20260227110934.0 | ||
| 007 | cr_||||||||||| | ||
| 008 | 930409s1912 dcua u000 0 eng | ||
| 010 | _aagr12001179 | ||
| 035 | _a(OCoLC)28098091 | ||
| 040 |
_aDLC _cMdBJ _dDLC |
||
| 050 | 0 | 0 |
_aSB401 _b.R5 |
| 100 | 1 |
_aReed, C. A. _q(Clarence Arthur), _d1880-1950. |
|
| 245 | 0 | 4 |
_aThe pecan. _cBy C. A. Reed ... |
| 260 |
_aWashington, _bGovt. print. off., _c1912. |
||
| 300 |
_a58 p., _billus. _c23 cm. |
||
| 490 | 1 |
_aU.S. Dept. of agriculture. Bureau of plant industry. Bulletin _vno. 251 |
|
| 530 | _aAlso available in digital form on the Internet Archive Web site. | ||
| 650 | 0 | _aPecan. | |
| 810 | 1 |
_aUnited States. _bBureau of Plant Industry. _tBulletin. _vno. 251. |
|
| 856 | 4 | 1 | _uhttp://hdl.loc.gov/loc.gdc/scd0001.00009189014 |
| 999 |
_c8114 _d8114 |
||